000 00386nam a2200169Ia 4500
008 221030s9999 xx 000 0 und d
020 _a0070634149
041 _aEnglish
082 _a105.23
_bFor
100 _aB. A. Forouzan
245 0 _aData Communications & Networking
250 _a4th
260 _bTMH
_aNew Delhi
_c2006
300 _a1134
650 _aComputers
942 _cBK
999 _c881
_d881